| 000 -ლიდერი |
| ფიქსირებული სიგრძის საკონტროლო ველი |
01054nam a2200253Ia 4500 |
| 001 - საკონტროლო ნომერი |
| საკონტროლო ველი |
20019 |
| 003 - საკონტროლო ნომრის იდენტიფიკატორი |
| საკონტროლო ველი |
GE_BSU |
| 005 - ბოლო ოპერაციის თარიღი და დრო |
| საკონტროლო ველი |
20250414120301.0 |
| 008 - ფიქსირებული სიგრძის მონაცემთა ელემენტები - ზოგადი ინფორმაცია |
| ფიქსირებული სიგრძის საკონტროლო ველი |
181216s2011||||ge |||||||||||||| ||geo|| |
| 020 ## - წიგნის საერთაშორისო სტანდარტული ნომერი |
| International Standard Book Number |
978-9941-422-76-8 |
| 040 ## - კატალოგიზაციის წყარო |
| Transcribing agency |
GE_BSU |
| 041 ## - ენის კოდი |
| Language code of text/sound track or separate title |
geo |
| 080 ## - უნივერსალური ათობითი კლასიფიკაციის ინდექსი |
| Universal Decimal Classification number |
821.111-311.3 რ-57 |
| 100 ## - მთავარი ჩანაწერი - პიროვნების სახელი |
| Personal name |
რიდი, თომას მაინ (1818-1883) |
| 9 (RLIN) |
24778 |
| 245 ## - ცნობა სათაურის შესახებ |
| Title |
უთავო მხედარი : |
| Remainder of title |
რომანი / |
| Statement of responsibility, etc |
მაინ რიდი ; ელგუჯა მაღრაძის თარგმანი. |
| 264 ## - წარმოების, გამოცემის, დისტრიბუციის და სხვა ცნობები |
| გამოცემის, წარმოების, დისტრიბუციის... ადგილი |
თბილისი : |
| გამოცემის, წარმოების, დისტრიბუციის... სახელწოდება |
პალიტრა L, |
| გამოცემის, წარმოების, დისტრიბუციის... თარიღი |
2011. |
| 300 ## - ფიზიკური აღწერა |
| Extent |
560 გვ. ; |
| Dimensions |
21 სმ. |
| 490 ## - სერიის ცნობა |
| Series statement |
50 წიგნი, რომელიც უნდა წაიკითხო, სანამ ცოცხალი ხარ, 1987-9628 ; |
| Volume number/sequential designation |
წ. 14 |
| 653 ## - INDEX TERM--UNCONTROLLED |
| Uncontrolled term |
რომანი |
| 653 ## - INDEX TERM--UNCONTROLLED |
| Uncontrolled term |
უთავო მხედარი |
| 700 ## - ADDED ENTRY--PERSONAL NAME |
| Personal name |
მაღრაძე, ელგუჯა |
| Relator term |
თარგმანი |
| 9 (RLIN) |
24779 |
| 942 ## - ADDED ENTRY ELEMENTS (KOHA) |
| Koha item type |
წიგნი |
| Source of classification or shelving scheme |
|